Statistics for 1960s Albums (Extreme)

Click here to take the quiz!

General Stats

  • This quiz has been taken 86 times
    (41 since last reset)
  • The average score is 9 of 20

Answer Stats

Answer% Correct
A Love Supreme - John Coltrane
69%
The Stooges - The Stooges
67%
Everybody Knows This Is Nowhere - Neil Young / Crazy Horse
58%
Stand - Sly & the Family Stone
58%
Gentle On My Mind - Glen Campbell
56%
Forever Changes - Love
53%
Five Leaves Left - Nick Drake
50%
Odyssey and Oracle - The Zombies
47%
Santana - Santana
47%
The Velvet Underground - The Velvet Underground
47%
The Black Saint and the Sinner - Charles Mingus
44%
Days of Future Pass - The Moody Blues
42%
Mr. Fantasy - Traffic
42%
Hums of the Lovin' Spoonful - The Lovin' Spoonful
39%
In-A-Gadda-Da-Vida - Iron Butterfly
39%
Runaround Sue - Dion
39%
Kick Out the Jams - MC5
36%
Crimson and Clover - Tommy James & the Shondells
25%
Happy Together - The Turtles
22%
Procol Harum - Procol Harum
22%

Score Distribution

Percentile by Number Answered

Percent of People with Each Score

Your Score History

You have not taken this quiz since the last reset